Основы научных вычислений. Введение в численные методы для физиков и инженеров: [учебное пособие]

Bibliographic Details
Main Author: Зализняк В. Е. Виктор Евгеньевич
Corporate Author: Красноярский государственный педагогический университет
Summary:Книга предназначена для использования в курсе численных методов. В ней рассматриваются такие вопросы как решение уравнений, вычисление собственных значений и интегралов, интерполяция и аппроксимация функций, а также численное решение задачи Коши и краевой задачи для обыкновенных дифференциальных уравнений. Книга содержит множество примеров, демонстрирующих применение рассматриваемых методов. В дополнение, приводится разнообразный справочный материал и краткий обзор библиотек программ, широко используемых в научных вычислениях. Для студентов естественно-научных и технических специальностей высших учебных заведений.
Language:Russian
Published: Москва, Институт компьютерных исследований, 2006
Subjects:
Format: Book
KOHA link:https://koha.lib.tpu.ru/cgi-bin/koha/opac-detail.pl?biblionumber=122945

MARC

LEADER 00000nam0a2200000 4500
001 122945
005 20231031130321.0
010 |a 5939724825 
035 |a (RuTPU)RU\TPU\book\133095 
090 |a 122945 
100 |a 20071010d2006 km y0rusy50 ca 
101 0 |a rus 
102 |a RU 
105 |a a j 001zy 
200 1 |a Основы научных вычислений. Введение в численные методы для физиков и инженеров  |e [учебное пособие]  |f В. Е. Зализняк  |g Красноярский государственный педагогический университет 
210 |a Москва  |c Институт компьютерных исследований  |a Ижевск  |c Регулярная и хаотическая динамика  |d 2006 
215 |a 264 с.  |c ил. 
320 |a Литература: с. 260-261. 
320 |a Предметный указатель: с. 262-264. 
330 |a Книга предназначена для использования в курсе численных методов. В ней рассматриваются такие вопросы как решение уравнений, вычисление собственных значений и интегралов, интерполяция и аппроксимация функций, а также численное решение задачи Коши и краевой задачи для обыкновенных дифференциальных уравнений. Книга содержит множество примеров, демонстрирующих применение рассматриваемых методов. В дополнение, приводится разнообразный справочный материал и краткий обзор библиотек программ, широко используемых в научных вычислениях. Для студентов естественно-научных и технических специальностей высших учебных заведений. 
610 1 |a научные вычисления 
610 1 |a численные методы 
610 1 |a арифметические операции 
610 1 |a ошибки 
610 1 |a компьютеры 
610 1 |a линейные уравнения 
610 1 |a системы линейных уравнений 
610 1 |a собственные значения 
610 1 |a векторы 
610 1 |a нелинейные уравнения 
610 1 |a системы нелинейных уравнений 
610 1 |a численное интегрирование 
610 1 |a обыкновенные дифференциальные уравнения 
610 1 |a конечно-разностные схемы 
610 1 |a функции 
610 1 |a интерполяция 
610 1 |a приближение 
610 1 |a учебные пособия 
675 |a 519.6(075.8)  |v 3 
700 1 |a Зализняк  |b В. Е.  |g Виктор Евгеньевич 
712 0 2 |a Красноярский государственный педагогический университет  |2 stltpush  |3 (RuTPU)RU\TPU\col\2101 
801 1 |a RU  |b 63413507  |c 20071010  |g PSBO 
801 2 |a RU  |b 63413507  |c 20120529  |g PSBO 
942 |c BK